industrial microbiology (Record no. 480271)
[ view plain ]
| 000 -LEADER | |
|---|---|
| fixed length control field | 00300nam a22001217a 4500 |
| 003 - CONTROL NUMBER IDENTIFIER | |
| control field | NUST |
| 008 - FIXED-LENGTH DATA ELEMENTS--GENERAL INFORMATION | |
| fixed length control field | 161117t xxu||||| |||| 00| 0 eng d |
| 020 ## - INTERNATIONAL STANDARD BOOK NUMBER | |
| International Standard Book Number | 0-632-05307-0 |
| 038 ## - RECORD CONTENT LICENSOR | |
| Staff Name | Adnan |
| 082 ## - DEWEY DECIMAL CLASSIFICATION NUMBER | |
| Classification number | 020 |
| 245 ## - TITLE STATEMENT | |
| Title | industrial microbiology |
| Remainder of title | an introduction |
| Statement of responsibility, etc. | michael j. waites |
| 942 ## - ADDED ENTRY ELEMENTS (KOHA) | |
| Source of classification or shelving scheme | |
| Koha item type | Book |
| Withdrawn status | Lost status | Source of classification or shelving scheme | Damaged status | Not for loan | Permanent Location | Current Location | Date acquired | Total Checkouts | Full call number | Barcode | Date last seen | Price effective from | Koha item type |
|---|---|---|---|---|---|---|---|---|---|---|---|---|---|
| Atta-ur-Rahman School of Applied Biosciences (ASAB) | Atta-ur-Rahman School of Applied Biosciences (ASAB) | 11/17/2016 | 620.1 WAI | ASAB1612 | 11/17/2016 | 11/17/2016 | Book |
